Statistics for Falling in Reverse - Popular Monster

Click here to take the quiz!

General Stats

  • This quiz has been taken 59 times
  • The average score is 253 of 345

Answer Stats

Answer% Correct
a
100%
I
100%
in
100%
my
98%
I'm
93%
It
93%
it
93%
popular
91%
popular,
91%
every
88%
Every
88%
go
88%
monster
88%
with
88%
daze
86%
fuck
86%
fuck,
86%
me
86%
me,
86%
say
86%
to
86%
up
86%
wake
86%
anyway
84%
head
84%
if
84%
morning
84%
don't
81%
not
81%
phase
81%
phase,
81%
the
81%
feel
79%
going
79%
I'll
79%
is
79%
Is
79%
it's
79%
just
79%
okay,
79%
okay?
79%
okay
79%
should
79%
this
79%
this,
79%
try
79%
down,
77%
down
77%
for
77%
know
77%
sure
77%
Tell
77%
tell
77%
Yeah
77%
Yeah,
77%
yeah
77%
and
74%
And
74%
break
74%
cheater,
74%
fucking
74%
out
74%
question
74%
that
74%
through
74%
wanna
74%
way
74%
battle
72%
but
72%
But
72%
depression
72%
now
72%
now?
72%
searching
72%
doctor
70%
liar,
70%
Everybody
67%
non-believer
67%
or
67%
still
67%
tries
67%
am
65%
post-traumatic
65%
remains
65%
stressing
65%
stressing,
65%
about
63%
bullshit
63%
day
63%
God,
63%
god
63%
rage
63%
rage?
63%
you
63%
again
60%
again,
60%
rat
60%
suppressing
60%
trapped
60%
'cause
58%
'Cause
58%
Motherfucker,
58%
motherfucker,
58%
where
58%
demons
56%
therapist
56%
close
53%
maze
53%
Oh,
53%
oh,
53%
Oh
53%
struggle
53%
grave,
51%
like
51%
probably
51%
race
51%
second
51%
So
51%
we
51%
against
49%
at
49%
got
49%
lie?
49%
myself,
49%
your
49%
car
47%
change
47%
escape
47%
keep
47%
knock
47%
obliterates
47%
Obliterates
47%
on
47%
replace
47%
simultaneously
47%
stage,
47%
stage
47%
terrified
47%
think
47%
wall
47%
waste
47%
will
47%
annihilates
44%
another
44%
attention
44%
blessing
44%
disintegrates
44%
get
44%
here
44%
never
44%
nowhere
44%
pace
44%
single
44%
steady
44%
We're
44%
were
44%
won't
44%
case?
42%
couple
42%
fell
42%
How
42%
missing
42%
need
42%
sooner
42%
take
42%
things
42%
believe
40%
closer
40%
everything
40%
of
40%
something
40%
asleep
37%
Crashed
37%
fine
37%
wheel
37%
ask
35%
sick
35%
tired
35%
wondering
35%
lost
33%
Praying
33%
found
30%
truth
30%

Score Distribution

Percentile by Number Answered

Percent of People with Each Score

Your Score History

You have not taken this quiz